| 000 | 00602nam a22002177a 4500 | ||
|---|---|---|---|
| 999 |
_c6259 _d6259 |
||
| 001 | 20028 | ||
| 003 | BD-DhUAP | ||
| 005 | 20201228115325.0 | ||
| 008 | 201228s2009 enk||||| |||| 001 0 eng d | ||
| 020 | _a9780141041339 | ||
| 040 |
_aBD-DhUAP _bEng _cBD-DhUAP _dBD-DhUAP |
||
| 082 |
_223 _a172.2 SAN |
||
| 100 | _aSandel, Michael J. | ||
| 245 |
_aJustice : _bwhat's the right thing to do? / _cMichael J. Sandel. |
||
| 260 |
_aAmsterdam : _bB-Motion, _cc2009 [2010]. |
||
| 300 |
_a308 pages ; _c20 cm. |
||
| 500 | _aIncludes index. | ||
| 650 | _aEthics. | ||
| 650 | _aJustice. | ||
| 942 |
_2ddc _cBK |
||